00605nam a2200217 a 450000100060000000300080000600500170001400800390003102000170007003500190008704000320010604100080013808200250014610000180017124500460018926000510023530000250028650400380031165000180034965000200036714064BD-RjUL20211208235551.0161003s1993 ii b 001 0 eng a817100475X : a(BD-RjUL)14116 aDLCcDLCdDLCdBD-RjULbeng aeng00a363.74223bKAC 19931 aKamboj, N. S.10aControl of noise pollution /cN.S. Kamboj aNew Delhi :bDeep & Deep Publications,cc1993. axi, 169 p. ;c22 cm. aIncludes bibliography and index. 0aNoise control 0aNoise pollution